| 000 | 00747nac a22002051u 4500 | ||
|---|---|---|---|
| 008 | 100913t xxu||||| |||| 00| 0 eng d | ||
| 010 | _a 2006272508 | ||
| 020 | _a013149726X | ||
| 082 |
_a621.38152 _bSTR |
||
| 100 |
_aStreetman, Ben G. _918827 |
||
| 245 | 1 | 0 |
_aSolid State Electronic Devices / _cBen G. Streetman and Sanjay Kumar Banerjee. |
| 250 | _a6th ed. | ||
| 260 |
_aUpper Saddle River, N.J. : _bPearson/Prentice Hall, _cc2006 |
||
| 300 |
_axviii, 581 p. : _bill. ; _c25 cm. |
||
| 490 |
_918826 _aPrentice Hall Series in Solid State Physical Electronics |
||
| 504 | _aIncludes bibliographical references and index. | ||
| 650 | 0 |
_aSemiconductors. _918828 |
|
| 700 | 1 |
_918829 _aBanerjee, Sanjay |
|
| 942 |
_cBB _k621.38152 STR _2ddc |
||
| 999 |
_c1971 _d1971 |
||